Río místico
Cuando Jimmy Markum (Sean Penn), Dave Boyle (Tim Robbins) y Sean Devine (Kevin Bacon) eran unos niños que crecían juntos en un peligroso barrio obrero de Boston, pasaban los días jugando al hockey en la calle. Pero, un día, a Dave le ocurrió algo que marcó para siempre su vida y la de sus amigos. Ve...
Guardado en:
| Autor Principal: | |
|---|---|
| Autor Corporativo: | |
| Otros Autores: | , , , , , , , |
| Formato: | |
| Idioma: | Undetermined |
| Publicado: |
Estados Unidos :
Warner Bros.,
2003.
|
| Materias: | |
| Etiquetas: |
Agregar Etiqueta
Sin Etiquetas, Sea el primero en etiquetar este registro!
|
| LEADER | 01759ngm a22003015a 4500 | ||
|---|---|---|---|
| 001 | CEM.cems020505 | ||
| 008 | 230928s2003####xx#---############vlund#d | ||
| 005 | 20230928195107.0 | ||
| 245 | 1 | 0 | |a Río místico |h [videograbación] / |c Clint Eastwood. |
| 260 | |a Estados Unidos : |b Warner Bros., |c 2003. | ||
| 300 | |a 137'. | ||
| 520 | |a Cuando Jimmy Markum (Sean Penn), Dave Boyle (Tim Robbins) y Sean Devine (Kevin Bacon) eran unos niños que crecían juntos en un peligroso barrio obrero de Boston, pasaban los días jugando al hockey en la calle. Pero, un día, a Dave le ocurrió algo que marcó para siempre su vida y la de sus amigos. Veinticinco años más tarde, otra tragedia los vuelve a unir: el asesinato de Katie (Emmy Rossum), la hija de 19 años de Jimmy. A Sean, que es policía, le asignan el caso; pero también tiene que estar muy pendiente de Jimmy porque, en su desesperación, está intentando tomarse la justicia por su mano. -- La película está basada en la novela homónima de Dennis Lehane. | ||
| 590 | |a Identificación anterior: 194 | ||
| 538 | |a Soporte: DVD -- Formato: AVI Peso: 1gb -- Resolución: 512 x 224 -- 23.98 fps | ||
| 500 | |a Título original: Mystic River Idioma: Inglés Subtítulos: Español. | ||
| 100 | 1 | |a Eastwood, Clint. | |
| 700 | 1 | |a Helgeland, Brian; Guion. | |
| 700 | 1 | |a Lehane, Dennis; Novela. | |
| 700 | 1 | |a Penn, Sean; Reparto. | |
| 700 | 1 | |a Bacon, Kevin; Reparto. | |
| 710 | 2 | |a Malpaso Productions. | |
| 700 | 1 | |a Robbins, Tim; Reparto. | |
| 700 | 1 | |a Fishburne, Laurence; Reparto. | |
| 700 | 1 | |a Linney, Laura; Reparto. | |
| 700 | 1 | |a Gay Harden, Marcia; Reparto. | |
| 653 | |a LARGOMETRAJE | ||
| 653 | |a FICCIÓN | ||
| 859 | |a CEMS |b BIB. CEMS - Depto. Recursos Didacticos |h 778.5 |i EAS-5 |k DRD |p 3139.23 |t Ej.1 | ||
